000 00219nam a22000857a 4500
008 170527b xxu||||| |||| 00| 0 eng d
100 _93135
_aA. Label
245 _aFroq and toad all year
260 _aNew york
_bScholastic
_c1976
999 _c6427
_d6427